000 00817nam a22002297a 4500
999 _c8714
_d8714
003 AR-CdUCM
008 190325b ||||| |||| 00| 0 spa d
020 _a958-04-3066-7
040 _aMUNICIPALIDAD PROVINCIAL DEL CUSCO
_cBIBLIOTECA MUNICIPAL DEL CUSCO
082 _a658.04 /
_bC71
100 _aCollins, James C.
_924330
245 _aEmpresas que perduran :
_bPrincipios exitosos de compañías triunfadoras /
260 _aBogotá :
_bNorma,
_c1966.
300 _a385 páginas ;
_c23 cm.
505 _aContenido : Lo mejor de lo mejor -- Construir relojes, no dar la hora -- No a la tiranía de la disyuntiva -- Mas que utilidades ...
650 _aEmpresas
_95583
650 _aCompañías
_924331
650 _aEstrategias
_913946
700 _aPorra, Jerry
_924332
942 _2ddc
_cLIBROS
945 _arah